[Event "Manny Pacquiao op"]
[Site "General Santos City"]
[Date "2022.12.16"]
[Round "7"]
[White "Yulo, Gerard"]
[Black "Balquin, Jhonnel"]
[Result "0-1"]
[WhiteElo "1826"]
[BlackElo "2270"]
[PlyCount "60"]
[EventDate "2022.12.13"]
[EventType "swiss"]
[EventRounds "9"]
[EventCountry "PHI"]
[SourceTitle "EXT 2024"]
[Source "ChessBase"]
[SourceDate "2023.10.10"]
[SourceVersion "1"]
[SourceVersionDate "2023.10.10"]
[SourceQuality "1"]

1. e4 g6 2. d4 Bg7 3. Nc3 d6 4. Be3 c6 5. Qd2 b5 6. a3 Nd7 7. Be2 a6 8. f3 h5 9. Nh3 Ngf6 10. Nf2 Qc7 11. Rd1 0-0 12. Bh6 e5 13. Bxg7 Kxg7 14. g4 Re8 15. gxh5 Nxh5 16. dxe5 dxe5 17. Qg5 Ndf6 18. Rg1 Nf4 19. Bf1 Rh8 20. h4 Be6 21. Ne2 Rh5 22. Qg3 Rah8 23. Rh1 R8h6 24. Nxf4 exf4 25. Qg1 Rxh4 26. Rxh4 Rxh4 27. Nd3 Rh5 28. Nc5 Bc4 29. Bxc4 bxc4 30. Qd4 Qa5+ 0-1

[Event "Manny Pacquiao op"]
[Site "General Santos City"]
[Date "2022.12.15"]
[Round "6"]
[White "Balquin, Jhonnel"]
[Black "Bacojo, Mark Jay"]
[Result "0-1"]
[WhiteElo "2270"]
[BlackElo "2031"]
[PlyCount "90"]
[EventDate "2022.12.13"]
[EventType "swiss"]
[EventRounds "9"]
[EventCountry "PHI"]
[SourceTitle "EXT 2024"]
[Source "ChessBase"]
[SourceDate "2023.10.10"]
[SourceVersion "1"]
[SourceVersionDate "2023.10.10"]
[SourceQuality "1"]

1. c4 Nf6 2. Nf3 g6 3. g3 Bg7 4. Bg2 0-0 5. 0-0 c5 6. d3 Nc6 7. Nc3 d5 8. cxd5 Nxd5 9. Bd2 Nc7 10. h4 b6 11. h5 Bb7 12. Qa4 Nd4 13. h6 Nxf3+ 14. Bxf3 Bxc3 15. Bxc3 Bxf3 16. exf3 Qd5 17. f4 a5 18. Rfe1 b5 19. Qd1 Qd7 20. Qe2 Nd5 21. Rac1 Rfd8 22. Bd2 Rdc8 23. Qf3 Ra6 24. Re5 e6 25. f5 gxf5 26. Re2 f6 27. a4 b4 28. Be3 Rac6 29. Rec2 Qd6 30. Rc4 Ne7 31. Qe2 Ng6 32. d4 cxd4 33. Bxd4 Kf7 34. b3 f4 35. Bb2 Rxc4 36. bxc4 fxg3 37. Qf3 gxf2+ 38. Kf1 Qf4 39. Qd3 Qh2 40. Qf3 Nf4 41. Qb7+ Kg6 42. Qg7+ Kh5 43. Qf7+ Kg4 44. Qg7+ Kf3 45. Qb7+ Nd5 0-1

[Event "Manny Pacquiao op"]
[Site "General Santos City"]
[Date "2022.12.14"]
[Round "3"]
[White "Balquin, Jhonnel"]
[Black "Calimbo, Marian"]
[Result "1-0"]
[WhiteElo "2270"]
[BlackElo "1668"]
[PlyCount "153"]
[EventDate "2022.12.13"]
[EventType "swiss"]
[EventRounds "9"]
[EventCountry "PHI"]
[SourceTitle "EXT 2024"]
[Source "ChessBase"]
[SourceDate "2023.10.10"]
[SourceVersion "1"]
[SourceVersionDate "2023.10.10"]
[SourceQuality "1"]

1. c4 g6 2. Nf3 Bg7 3. g3 d6 4. Bg2 e5 5. Nc3 f5 6. d3 Nf6 7. 0-0 0-0 8. Rb1 h6 9. b4 g5 10. h4 g4 11. Nh2 f4 12. Re1 Nh5 13. Ne4 Nc6 14. b5 Ne7 15. e3 f3 16. Nxf3 gxf3 17. Bxf3 Nf6 18. Nc3 c6 19. Ba3 Bf5 20. e4 Be6 21. Bg2 c5 22. Bc1 Qd7 23. f3 Nh5 24. Kh2 Qe8 25. Rg1 Kh7 26. Ne2 Qg6 27. Be3 Bf6 28. Bf2 Bd7 29. Qd2 Qf7 30. Rbf1 Bg7 31. Be3 Ng6 32. Qe1 Qe7 33. Nc3 Be6 34. Nd5 Bxd5 35. exd5 b6 36. Bh3 a6 37. bxa6 Rxa6 38. Rg2 Ra3 39. Bg4 Nf6 40. Bf5 Ng8 41. Be4 Rfa8 42. h5 Rxa2 43. hxg6+ Kh8 44. Rxa2 Rxa2+ 45. Rf2 Ra3 46. Qb1 Qc7 47. Ra2 Rxa2+ 48. Qxa2 Bf6 49. Qa8 Bd8 50. Bf5 Kg7 51. Qa4 Ne7 52. Be4 Ng8 53. Qb5 Nf6 54. Bf5 Qe7 55. Bc1 Qe8 56. Qa6 Qe7 57. Kh3 Ng8 58. Qc8 Qc7 59. Qa8 Ne7 60. Be4 Nxg6 61. Qa4 Qe7 62. Qc6 Nh8 63. Qc8 Nf7 64. Qf5 Ng5+ 65. Kg4 Nxe4 66. dxe4 Bc7 67. f4 exf4 68. Bb2+ Kg8 69. Qg6+ Kf8 70. Qxh6+ Ke8 71. Qg6+ Kd7 72. gxf4 Bd8 73. Qg7 Qxg7+ 74. Bxg7 Ke8 75. Kf5 Kf7 76. Bc3 Bh4 77. e5 1-0

[Event "PHI-ch op"]
[Site "Mactan City"]
[Date "2021.12.11"]
[Round "4"]
[White "Galas, Bernadette"]
[Black "Balquin, Jhonnel"]
[Result "1-0"]
[WhiteElo "2077"]
[BlackElo "2394"]
[PlyCount "95"]
[EventDate "2021.12.09"]
[EventType "swiss"]
[EventRounds "9"]
[EventCountry "PHI"]
[SourceTitle "CBM 205 Extra"]
[Source "ChessBase"]
[SourceDate "2022.01.31"]
[SourceVersion "1"]
[SourceVersionDate "2022.01.31"]
[SourceQuality "1"]

1. e4 g6 2. d4 Bg7 3. Nc3 d6 4. Be3 c6 5. a4 Nf6 6. h3 0-0 7. g4 Qa5 8. Bg2 Nbd7 9. Nge2 e5 10. 0-0 h5 11. g5 Nh7 12. d5 Qc7 13. a5 c5 14. Nb5 Qb8 15. Rb1 a6 16. Na3 f6 17. gxf6 Bxf6 18. Nc4 Qc7 19. Qd2 Rf7 20. b4 Nhf8 21. bxc5 Nxc5 22. Qb4 Nfd7 23. Nc1 Rb8 24. Nd3 Be7 25. Nxc5 dxc5 26. Qc3 Bd6 27. Rb3 Bf8 28. Rfb1 h4 29. Bg5 Bg7 30. Bxh4 Kh7 31. Bg5 Nf8 32. Qg3 Bd7 33. d6 Qc6 34. Nxe5 Bxe5 35. Qxe5 Ne6 36. Be3 Re8 37. Qg3 Bc8 38. Qh4+ Kg8 39. e5 Qd7 40. Bd5 Rf5 41. Qg3 Qg7 42. Rxb7 Bxb7 43. Rxb7 Rf7 44. d7 Rxd7 45. Rxd7 Qxd7 46. Qxg6+ Kh8 47. Bxe6 Qd1+ 48. Kh2 1-0

[Event "PHI-ch op"]
[Site "Mactan City"]
[Date "2021.12.10"]
[Round "3"]
[White "Balquin, Jhonnel"]
[Black "Rapanot, Alfredo"]
[Result "1/2-1/2"]
[WhiteElo "2394"]
[BlackElo "2061"]
[PlyCount "40"]
[EventDate "2021.12.09"]
[EventType "swiss"]
[EventRounds "9"]
[EventCountry "PHI"]
[SourceTitle "CBM 205 Extra"]
[Source "ChessBase"]
[SourceDate "2022.01.31"]
[SourceVersion "1"]
[SourceVersionDate "2022.01.31"]
[SourceQuality "1"]

1. c4 Nf6 2. Nf3 b6 3. g3 Bb7 4. Bg2 c5 5. 0-0 g6 6. d3 Bg7 7. e4 0-0 8. Nc3 Nc6 9. a3 e6 10. Re1 d6 11. Rb1 Nd7 12. Bg5 Qc7 13. Nb5 Qb8 14. Qd2 Nde5 15. b4 Nxf3+ 16. Bxf3 Nd4 17. Nxd4 Bxd4 18. Bh6 Re8 19. Qf4 Bg7 20. Bxg7 Kxg7 1/2-1/2